<?xml version="1.0" encoding="UTF-8"?>
<record
    xmlns:xsi="http://www.w3.org/2001/XMLSchema-instance"
    xsi:schemaLocation="http://www.loc.gov/MARC21/slim http://www.loc.gov/standards/marcxml/schema/MARC21slim.xsd"
    xmlns="http://www.loc.gov/MARC21/slim">

  <leader>00943nam1a2200253 i 4500</leader>
  <controlfield tag="001">RU\NLR\BIBL_A\011428253</controlfield>
  <controlfield tag="005">20241103110114.0</controlfield>
  <datafield tag="035" ind1=" " ind2=" ">
    <subfield code="a">(NLR Aleph) 011428253</subfield>
  </datafield>
  <datafield tag="090" ind1=" " ind2=" ">
    <subfield code="a">11639336</subfield>
    <subfield code="c">11639336</subfield>
  </datafield>
  <datafield tag="100" ind1=" " ind2=" ">
    <subfield code="a">20170619g20179999u  y0rusy50      ca</subfield>
  </datafield>
  <datafield tag="101" ind1="0" ind2=" ">
    <subfield code="a">rus</subfield>
  </datafield>
  <datafield tag="102" ind1=" " ind2=" ">
    <subfield code="a">RU</subfield>
  </datafield>
  <datafield tag="105" ind1=" " ind2=" ">
    <subfield code="a">||||z   |||||</subfield>
  </datafield>
  <datafield tag="200" ind1="1" ind2=" ">
    <subfield code="a">&#x41F;&#x443;&#x442;&#x44C; &#x43A; &#x441;&#x435;&#x431;&#x435;</subfield>
    <subfield code="e">&#x43A;&#x430;&#x43A; &#x43D;&#x435; &#x440;&#x430;&#x437;&#x43E;&#x447;&#x430;&#x440;&#x43E;&#x432;&#x430;&#x442;&#x44C;&#x441;&#x44F; &#x432; &#x440;&#x435;&#x43B;&#x438;&#x433;&#x438;&#x438; &#x438; &#x434;&#x443;&#x445;&#x43E;&#x432;&#x43D;&#x43E;&#x439; &#x43F;&#x440;&#x430;&#x43A;&#x442;&#x438;&#x43A;&#x435;</subfield>
    <subfield code="f">Alex Cosmo</subfield>
  </datafield>
  <datafield tag="210" ind1=" " ind2=" ">
    <subfield code="a">&#x41C;&#x43E;&#x441;&#x43A;&#x432;&#x430;</subfield>
    <subfield code="c">&#x428;&#x43A;&#x43E;&#x43B;&#x430; &#x434;&#x443;&#x445;&#x43E;&#x432;&#x43D;&#x43E;&#x433;&#x43E; &#x440;&#x430;&#x437;&#x432;&#x438;&#x442;&#x438;&#x44F; "&#x41F;&#x443;&#x442;&#x44C; &#x43A; &#x441;&#x435;&#x431;&#x435;"</subfield>
    <subfield code="d">2017</subfield>
  </datafield>
  <datafield tag="215" ind1=" " ind2=" ">
    <subfield code="d">21</subfield>
  </datafield>
  <datafield tag="606" ind1="1" ind2=" ">
    <subfield code="a">&#x41F;&#x430;&#x43B;&#x43E;&#x43C;&#x43D;&#x438;&#x447;&#x435;&#x441;&#x442;&#x432;&#x430;</subfield>
    <subfield code="y">&#x418;&#x43D;&#x434;&#x438;&#x44F;</subfield>
    <subfield code="9">2223667</subfield>
    <subfield code="3">RU\NLR\AUTH\661335069</subfield>
  </datafield>
  <datafield tag="606" ind1=" " ind2=" ">
    <subfield code="a">&#x412;&#x435;&#x440;&#x430; &#x440;&#x435;&#x43B;&#x438;&#x433;&#x438;&#x43E;&#x437;&#x43D;&#x430;&#x44F;</subfield>
    <subfield code="9">1268905</subfield>
    <subfield code="3">RU\NLR\AUTH\66204292</subfield>
  </datafield>
  <datafield tag="686" ind1="1" ind2=" ">
    <subfield code="a">&#x42D;247,0</subfield>
  </datafield>
  <datafield tag="700" ind1=" " ind2="1">
    <subfield code="7">ca</subfield>
    <subfield code="8">rus</subfield>
    <subfield code="a">&#x41A;&#x43E;&#x441;&#x43C;&#x43E;</subfield>
    <subfield code="b">&#x410;.</subfield>
    <subfield code="g">&#x410;&#x43B;&#x435;&#x43A;&#x441;</subfield>
    <subfield code="9">176032</subfield>
    <subfield code="3">RU\NLR\AUTH\770176083</subfield>
  </datafield>
  <datafield tag="852" ind1=" " ind2=" ">
    <subfield code="a">NLR</subfield>
    <subfield code="j">2017-3/17186</subfield>
  </datafield>
  <datafield tag="942" ind1=" " ind2=" ">
    <subfield code="c">BOOK</subfield>
  </datafield>
  <datafield tag="980" ind1=" " ind2=" ">
    <subfield code="a">NBR</subfield>
  </datafield>
</record>
